Krajiny a zátišia Emy Chovancovej

Bibliographic Details
Main Author: Janči, Zdenek, 1938- (Author)
Format: Article
Language:Slovak
PhysicalDescription:Obr. 4.
Subjects:

MARC

LEADER 00000nab a2200000 a 4500
001 vtls000295530
003 SK-MaSNL
005 20260303202102.0
008 160215c1987 xo 0 slo
015 |a SNBRB19rr/mm-uuuuu 
035 |a CL0305649 
040 |a SNKBUCL  |b slo  |c SNKBUCL  |e AACR2 
041 0 |a slo 
044 |a xo  |c SK 
080 |a 75.077  |2 1981 
080 |a 929 Chovancová, Ema  |2 1981 
100 1 |a Janči, Zdenek,  |d 1938-  |4 aut  |9 238132 
245 1 0 |a Krajiny a zátišia Emy Chovancovej  |c Zdenek Janči 
300 |b Obr. 4. 
600 1 7 |a Chovancová, Ema  |d 1927-  |2 snkbucl  |9 1233492 
655 7 |a články z novín a časopisov  |2 snkbucl  |9 267496 
773 0 |t Výtvarníctvo fotografia film  |g Roč. 25, č. 11 (1987), s. 6-7 
850 |a Slovenská národná knižnica v Martine  |a MTA001 
852 |a SNK  |b KIS3GCP 
958 |a BX 
958 |a RK 
992 |a RBX 
999 |c 2177661  |d 2179591